| 000 | 00348 a2200109 4500 | ||
|---|---|---|---|
| 001 | ART_14924 | ||
| 005 | 20260410161615.0 | ||
| 008 | 260409a | ||
| 245 | 1 | 0 | _aEl fin de la economia racional |
| 100 | 1 | _aAriely, Dan | |
| 773 | 0 |
_tHarvard Business Review _gLa gestión en un mundo que cambió - Vol. 87, Nº 7 (jul. 2009) _wREV340 |
|
| 999 |
_c10960 _d10960 |
||